000 00527nam a2200181Ia 4500
005 20250508152202.0
008 008 250505s9999 xx 000 0 eng d
037 _aBooks to be hide in OPAC
040 _aFEDL
_beng
_cFEDL
041 _aeng
_2eng
084 _a842.7, STE
_qFEDL
100 _aStendhal
245 0 _aScarlet and black: A chronicle of the nineteenth century
260 _aLondon, UK
_bJ M Dent and Sons Limited
_c1948
300 _a288p
942 _cHB
_h842.7, STE
999 _c1334833
_d1334833